Backyard Birds of the U.S. by Picture - Statistics

General Stats
  • This quiz has been taken 84 times
  • The average score is 13 of 16
Answer Stats
Picture Answer % Correct
Cardinal
98%
Hummingbird
98%
Finch
97%
Robin
97%
Woodpecker
97%
Blue Jay
95%
Dove
94%
Sparrow
87%
Bluebird
81%
Goldfinch
81%
Starling
81%
Chickadee
79%
Oriole
76%
Titmouse
67%
Nuthatch
60%
Mockingbird
56%
No matching quizzes found
Score Distribution
Percent of People with Each Score
Percentile by Number Answered
Your Score History
You have not taken this quiz